| 000 | 00353nam a2200133Ia 4500 | ||
|---|---|---|---|
| 008 | 221021s9999||||xx |||||||||||||| ||und|| | ||
| 020 | _a61805460 | ||
| 040 | _cChuka University Library | ||
| 050 |
_aQA 39.2 _b.B45 2001 |
||
| 100 |
_aBello ,Ignacio _91339 |
||
| 245 | 0 | _aTopics in contemporary mathmatics | |
| 260 |
_aBoston _bHoughton _c2001 |
||
| 942 | _cBK | ||
| 999 |
_c1311 _d1311 |
||